000 01216nam a22002537i 4500
999 _c23197
_d23197
003 AR-CdUCM
008 250124b20232023 pe||||| |||| 00| 0 spa d
020 _a978-612-46911-3-3
040 _aMUNICIPALIDAD PROVINCIAL DEL CUSCO
_cBIBLIOTECA MUNICIPAL DEL CUSCO
041 _hspa
082 _a373.1 / Q76E
_bQ76E
100 _aQuispe Suni, Silvestre Nicasio
_950965
245 _aExperiencia Metodológica del Internado Rural en la UNSAAC como responsabilidad Social Universitaria :
_bUniversidad Nacional San Antonio Abad del Cusco convenio CIUF UNSAAC UNS01 Salud Publica /
260 _aCusco :
_bUniversidad Nacional San Antonio Abad del Cusco
_c2023
300 _a164 páginas. :
_c32x17 cm.
500 _zBibliografía: página 163
505 _aExperiencia metodológica de internado rural -- Desarrollo de la experiencia -- Análisis de los involucrados -- Planificación curricular para el internado de Medicina Humana, Odontología, Enfermería -- Etapas de ejecución del Internado Rural
650 _aInternado rural
_950966
650 _aMetodología para el internado
_950967
650 _aLogros
_950968
650 _aDificultades
_950969
942 _2ddc
_cLIBROS
945 _apbjr
_d24-01-2025